000
00354nam a2200157Ia 4500
005
20250423100412.0
008
250422s9999 xx 000 0 und d
020
_a
9780470889206
050
_a
QA 76.76.O63/
245
0
_a
Operating system concept
260
_a
USA
260
_b
John Wiley & Sons
260
_c
2011
300
_a
725 p
942
_c
BK
999
_c
33196
_d
33196